000
00267nam a2200109Ia 4500
008
190907s9999||||xx |||||||||||||| ||und||
100
_a
Cateora, Graham
245
0
_a
International Marketing
260
_a
India
_b
Dorling Kindersley
_c
2001
300
_a
2005
942
_c
BK
999
_c
6348
_d
6348